Montséguer (Record no. 108991)

MARC details
000 -LEADER
campo de control de longitud fija 00458nam a2200145 4500
001 - NÚMERO DE CONTROL
campo de control 108991
003 - IDENTIFICADOR DE NÚMERO DE CONTROL
campo de control ES-MaACL
007 - CAMPO FIJO DE DESCRIPCIÓN FÍSICA--INFORMACIÓN GENERAL
campo de control de longitud fija t|
008 - DATOS DE LONGITUD FIJA--INFORMACIÓN GENERAL
campo de control de longitud fija 061121s1971 sp r ||||1| spa d
100 1# - ENTRADA PRINCIPAL--NOMBRE DE PERSONA
Nombre de persona Mirepoix, Lévis.
9 (RLIN) 81579
245 10 - MENCIÓN DEL TÍTULO
Título Montséguer
Resto del título : L'agonie des Cathares, 1225-1245 /
Mención de responsabilidad, etc. Lévis Mirepoix.
260 ## - PUBLICACIÓN, DISTRIBUCIÓN, ETC.
Lugar de publicación, distribución, etc. París; Rombaldi; Sevilla :
Nombre del editor, distribuidor, etc. [s. n.],
Fecha de publicación, distribución, etc. 1971 (
Fabricante Imp. Sevillana)
300 ## - DESCRIPCIÓN FÍSICA
Extensión 371 p. :
Otras características físicas il. ;
Dimensiones 22 cm.
852 ## - LOCALIZACIÓN
Ubicación ES-MaACL
Número de control de estantería E-4981
Sublocalización o colección R.88878
Holdings
Estatus retirado Estado de pérdida Estado de daño No para préstamo Biblioteca de origen Biblioteca actual Ubicación en estantería Fecha de adquisición Fuente de adquisición Total de préstamos Signatura topográfica completa Código de barras Visto por última vez Precio de reemplazo Tipo de ítem Koha
        Biblioteca del Ateneo de Madrid Biblioteca del Ateneo de Madrid Depósito 2 17/01/2008     E-4981 1113726 23/02/2023 23/02/2023 Libro impreso